UM Logo

Textbook in physical education 4 for college ball sports and fitness/ (Record no. 2251)

MARC details
000 -LEADER
fixed length control field 00567nam a22001697a 4500
008 - FIXED-LENGTH DATA ELEMENTS--GENERAL INFORMATION
fixed length control field 160503b xxu||||| |||| 00| 0 eng d
020 ## - INTERNATIONAL STANDARD BOOK NUMBER
International Standard Book Number 9712345114
082 ## - DEWEY DECIMAL CLASSIFICATION NUMBER
Edition number 2006
Classification number DFil 796.06
Item number J56
100 ## - MAIN ENTRY--PERSONAL NAME
9 (RLIN) 7372
Personal name Jimena, Edgar C.
245 ## - TITLE STATEMENT
Title Textbook in physical education 4 for college ball sports and fitness/
Statement of responsibility, etc. Edgar C. Jimena
260 ## - PUBLICATION, DISTRIBUTION, ETC. (IMPRINT)
Place of publication, distribution, etc. Manila:
Name of publisher, distributor, etc. Rex Book Store,
Date of publication, distribution, etc. c2006.
300 ## - PHYSICAL DESCRIPTION
Extent vii, 183 pages:
Other physical details illustrations;
Dimensions 25.5 cm.
500 ## - GENERAL NOTE
General note Include index
650 #0 - SUBJECT ADDED ENTRY--TOPICAL TERM
9 (RLIN) 7371
Topical term or geographic name as entry element Physical education
General subdivision Study and teaching
365 ## - TRADE PRICE
Price amount 495.00
Currency code Php.
942 ## - ADDED ENTRY ELEMENTS (KOHA)
Source of classification or shelving scheme Dewey Decimal Classification
Koha item type Filipiniana
Holdings
Withdrawn status Lost status Source of classification or shelving scheme Damaged status Not for loan Collection code Home library Current library Shelving location Date acquired Source of acquisition Total Checkouts Full call number Barcode Date last seen Date last checked out Cost, replacement price Price effective from Koha item type
    Dewey Decimal Classification     Filipiniana UM Digos College - LIC UM Digos College - LIC Book Cart 09/01/2007 Purchased 4 DFil 796.06 J56b 2006 19202 06/08/2021 02/13/2020 495.00 05/03/2016 Filipiniana